|
|
|
|
| LEADER |
00000cam a22000004a 4500 |
| 001 |
musev2_37263 |
| 003 |
MdBmJHUP |
| 005 |
20230905043920.0 |
| 006 |
m o d |
| 007 |
cr||||||||nn|n |
| 008 |
150117s2008 kyu o 00 0 eng d |
| 020 |
|
|
|a 9780813148083
|
| 020 |
|
|
|z 9780813129327
|
| 020 |
|
|
|z 9780813183985
|
| 020 |
|
|
|z 9780813192284
|
| 020 |
|
|
|z 9780813120669
|
| 035 |
|
|
|a (OCoLC)897138374
|
| 040 |
|
|
|a MdBmJHUP
|c MdBmJHUP
|
| 100 |
1 |
|
|a Van Willigen, John,
|e author.
|
| 245 |
1 |
0 |
|a Tobacco Culture :
|b Farming Kentucky's Burley Belt /
|c John Van Willigen, Susan C. Eastwood.
|
| 264 |
|
1 |
|a Lexington, Kentucky :
|b University Press of Kentucky,
|c 2008.
|
| 264 |
|
3 |
|a Baltimore, Md. :
|b Project MUSE,
|c 2016
|
| 264 |
|
4 |
|c ©2008.
|
| 300 |
|
|
|a 1 online resource (224 pages).
|
| 336 |
|
|
|a text
|b txt
|2 rdacontent
|
| 337 |
|
|
|a computer
|b c
|2 rdamedia
|
| 338 |
|
|
|a online resource
|b cr
|2 rdacarrier
|
| 490 |
0 |
|
|a Kentucky remembered
|
| 588 |
|
|
|a Description based on print version record.
|
| 650 |
|
7 |
|a Burley tobacco.
|2 fast
|0 (OCoLC)fst00841827
|
| 650 |
|
7 |
|a TECHNOLOGY & ENGINEERING
|x Agriculture
|x General.
|2 bisacsh
|
| 650 |
|
7 |
|a BUSINESS & ECONOMICS
|x Industries
|x General.
|2 bisacsh
|
| 650 |
|
6 |
|a Tabac Burley
|z Kentucky
|x Histoire.
|
| 650 |
|
0 |
|a Burley tobacco
|z Kentucky
|x History.
|
| 651 |
|
7 |
|a Kentucky.
|2 fast
|0 (OCoLC)fst01204494
|
| 655 |
|
7 |
|a History.
|2 fast
|0 (OCoLC)fst01411628
|
| 655 |
|
7 |
|a Electronic books.
|2 local
|
| 700 |
1 |
|
|a Eastwood, Susan C.,
|d 1954-
|e author.
|
| 710 |
2 |
|
|a Project Muse.
|e distributor
|
| 830 |
|
0 |
|a Book collections on Project MUSE.
|
| 856 |
4 |
0 |
|z Texto completo
|u https://projectmuse.uam.elogim.com/book/37263/
|
| 945 |
|
|
|a Project MUSE - Custom Collection
|
| 945 |
|
|
|a Project MUSE - Archive Complete Supplement IV
|
| 945 |
|
|
|a Project MUSE - Archive US Regional Studies, South Supplement IV
|